| 000 | 00670nam a2200181Ia 4500 | ||
|---|---|---|---|
| 008 | 151018s9999 xx 000 0 und d | ||
| 082 |
_bRBASDV22164 _a891.462 |
||
| 100 | _aशरदकुमार शिरसेकर | ||
| 245 | _aदीप तुझ्या वंशाचा | ||
| 250 | _b2 | ||
| 260 |
_bत्रिदल प्रकाशन मुंबई _c1977 |
||
| 300 | _a94 | ||
| 600 | _aशरदकुमार शिरसेकर | ||
| 630 | _aदीप तुझ्या वंशाचा | ||
| 700 | _aशरदकुमार शिरसेकर | ||
| 730 | _aदीप तुझ्या वंशाचा | ||
| 942 | _cBOOK | ||
| 999 |
_c1021834 _d1021831 |
||